People in History A-Z #8 - Statistics

General Stats
  • This quiz has been taken 1,483 times
  • The average score is 13 of 26
Answer Stats
Hint Answer % Correct
A First man on the moon Neil Armstrong
99%
C Egyptian queen whose love life was dramatised by Shakespeare Cleopatra
97%
B German composer of the Baroque period Johann Sebastian Bach
84%
E Architect of a well-known Parisian landmark Gustave Eiffel
83%
H Leader of Carthage who attacked Rome with elephants Hannibal
82%
Z Co-founder and current CEO of Facebook Mark Zuckerberg
82%
P Influential proponent of the civil rights movement who refused to give up her seat Rosa Parks
82%
J Eccentric lead singer of The Rolling Stones Mick Jagger
75%
F 20th century writer and author of The Great Gatsby F. Scott Fitzgerald
72%
G First person to orbit the earth Yuri Gagarin
72%
K First deaf-blind person to earn a bachelor's degree of arts Helen Keller
67%
U The third Supreme Leader of North Korea Kim Jong-un
64%
N French seer who seemingly prophesised 9/11 Nostradamus
55%
L British diplomat known for his part in the Arab Revolt against the Ottoman Empire T. E. Lawrence
49%
V Italian physicist who invented the electric battery Alessandro Volta
48%
R Objectivist author who wrote Atlas Shrugged and The Fountainhead Ayn Rand
36%
D French impressionist composer Claude Debussy
29%
S Ascetic who founded Buddhism, more commonly known as 'Buddha' Gautama Siddhārtha
29%
X Considered the sucessor to Mao as chairman of China, 1981-1987 Deng Xiaoping
18%
M Anthropologist who wrote Sex and Temperament in Three Primitive Societies Margaret Mead
13%
I Early Christian bishop who first coined the phrase 'Catholic Church' Ignatius of Antioch
10%
Q Producer of Tom and Jerry Fred Quimby
8%
W British scientist credited for the development of radar prior to WWII Robert Watson-Watt
8%
O Kurdish national leader and co-founder of the PKK Abdullah Öcalan
6%
Y Founder of Nintendo Fusajiro Yamauchi
2%
T Awarded the Nobel Prize in Physiology in 1951 for his vaccine against yellow fever Max Theiler
1%
No matching quizzes found
Score Distribution
Percent of People with Each Score
Percentile by Number Answered
Your Score History
You have not taken this quiz